Loading...
| Science - Physics | 0 | 3 | 0 | 0 | 30 | 43 | 62.67 | 1 | 3 | 12.63 | 18.00 |
| Science - Biology | 0 | 3 | 0 | 0 | 30 | 80 | 93.33 | 0 | 2 | 3.54 | 14.00 |
| Fine Arts - Other | 0 | 2 | 0 | 0 | 20 | 25 | 45.00 | 2 | 2 | 12.76 | 20.00 |
| Science - Other | 0 | 2 | 1 | 0 | 15 | 82 | 86.50 | 0 | 1 | 4.06 | 4.00 |
| Philosophy | 0 | 1 | 0 | 0 | 10 | 40 | 40.00 | 1 | 1 | 8.74 | 14.29 |
| Popular Culture | 0 | 1 | 0 | 0 | 10 | 92 | 92.00 | 0 | 0 | 2.73 | 3.33 |
| Social Science | 0 | 1 | 0 | 0 | 10 | 85 | 85.00 | 0 | 0 | 2.61 | 5.71 |
| Literature - American | 0 | 1 | 0 | 0 | 10 | 60 | 60.00 | 0 | 1 | 4.92 | 6.00 |
| Literature - British | 0 | 1 | 0 | 0 | 10 | 86 | 86.00 | 0 | 1 | 2.46 | 6.00 |
| Literature - World | 0 | 1 | 0 | 0 | 10 | 73 | 73.00 | 1 | 1 | 4.25 | 10.00 |
| Current Events | 0 | 1 | 0 | 0 | 10 | 90 | 90.00 | 0 | 0 | 4.17 | 5.00 |
| History - American | 0 | 0 | 1 | 0 | -5 | 0.00 | 0 | 0 | 0.00 | 0.00 |